000 00997nam a2200277Ia 4500
001 Para_3111
003 CHAP
008 220125s1975 xx 000 0 und d
010 _a201602
040 _cCHAP
090 _aPA TESIS 344
100 _aValenzuela López, Emilio
_9117493
245 _aCombate del gusano de bolsa del sauce, Malacosoma azteca (Neum) utilizando productos biológicos y observaciones sobre su biología /
_c Emilio Valenzuela López
260 _aChapingo, Méx. :
_b El autor
300 _a63 h.
502 _aTesis (Ing. Agr. Esp. en Parasitología Agrícola) -- ENA. Departamento de Parasitología Agrícola
650 _aSauce
_x Plagas Malacosoma azteca Control biológico de plagas
_9166512
710 _aENA. Departamento de Parasitología Agrícola
_936701
901 _aPA TESIS 344
902 _aA
905 _a0000001975 CHAa 0000000000 00
910 _a1975
942 _cPARA
942 _cPARA
_d1
999 _c201602
_d201602